000 00805nam a2200265Ia 4500
003 OSt
005 20220918171301.0
006 a|||||r|||| 00| 0
007 ta
008 220917b |||||||| |||| 00| 0 eng d
020 _a9781462518876 (pbk)
_c1888.31
024 _a289,918
037 _b6393, 15/12/2015, Ahuja Book Company Pvt.Ltd.
_cTextual
040 _aARTS
_cARTS
_beng
041 _2eng
_aeng
082 _aS:86, P6;Q2
100 _aWalsh Barent W.
_935386
245 0 _aTreating self injury - A practical guide
250 _a2nd
260 _aNew York
_bGuilford Press U.S.A
_c2014
300 _axvii, 413p.
_ccm.
650 _aPSYCHOLOGY
942 _hS:86, P6;Q2
_cTEXL
_2CC
999 _c138774
_d138774